000 00352nam a2200145 i 4500
001 bg
100 1 _aCOUTTS, T. J.
245 0 _aElectrical conduction in thim metal films /
_cT.J. Coutts.
260 _aAmsterdam,
_c1974.
040 _cBPK
041 _apol
080 _a538.975:669.058
942 _cKS
008 s pl f |000 0 pol
999 _c15909
_d15909
856 _uhttp://koha.tu.koszalin.pl/cgi-bin/koha/opac-detail.pl?biblionumber=15909
_yKatalog online BPK